| 000 | 00448nam a2200157Ia 4500 | ||
|---|---|---|---|
| 003 | Ost | ||
| 005 | 20260507075659.0 | ||
| 008 | 260507s9999||||xx |||||||||||||| ||und|| | ||
| 040 | _cfsecg | ||
| 041 | _aara | ||
| 100 |
_aمجيد، جاسم _eمؤلف |
||
| 245 | 0 |
_aالادارة العامة / _c جاسم مجيد |
|
| 260 |
_aالاسكندرية: _bمؤسسة شباب الجامعة, _c2002 |
||
| 300 | _a284 صفحة؛ | ||
| 942 | _cكتاب | ||
| 999 |
_c45787 _d45787 |
||